000
00256nam a2200097Ia 4500
008
230915s9999 xx 000 0 und d
050
_a
QP 34.5 .H35 2021
100
_a
HALL, JOHN E.
245
0
_a
GUYTON AND HALL TEXTBOOK OF MEDICAL PHYSIOLOGY
942
_c
BK
999
_c
193220
_d
193220